Estamos ciegos (Registro nro. 9249)
[ vista simple ]
| 000 -CABECERA | |
|---|---|
| campo de control de longitud fija | 00596ntm a22002417a 4500 |
| 005 - FECHA Y HORA DE ACTUALIZACIÓN | |
| campo de control | 20170407142559.0 |
| 008 - LONGITUD FIJA | |
| campo de control de longitud fija | 170407b xxu||||| |||| 00| 0 spa d |
| 020 ## - INTERNATIONAL STANDARD BOOK NUMBER | |
| Número Internacional Estándar del Libro | 9786124151057 |
| 041 ## - IDIOMA | |
| Código de idioma del texto/pista de sonido o título separado | |
| 082 ## - CLASIFICACIÓN DECIMAL DEWEY | |
| Número de clasificación | 658.8 K63e |
| 100 ## - AUTOR PERSONAL | |
| Nombre de persona | Klaric, Jürgen |
| 245 ## - TÍTULO PROPIAMENTE DICHO | |
| Título | Estamos ciegos |
| 260 ## - PIE DE IMPRENTA | |
| Lugar de publicación, distribución, etc. | Perú |
| 260 ## - PIE DE IMPRENTA | |
| Nombre del editor, distribuidor, etc. | BiiA International Publishing |
| 260 ## - PIE DE IMPRENTA | |
| Fecha de publicación, distribución, etc. | 2012 |
| 300 ## - DESCRIPCIÓN FÍSICA | |
| Extensión | 248 páginas |
| 650 ## - Materia General | |
| Materia general | MARKETING |
| 650 ## - Materia General | |
| Materia general | INNOVACIÓN |
| 650 ## - Materia General | |
| Materia general | CONSUMIDORES |
| 650 ## - Materia General | |
| Materia general | NEUROMARKETING |
| 650 ## - Materia General | |
| Materia general | NEUROINNOVACIÓN |
| 942 ## - Punto de Acceso Adicional Koha | |
| Tipo de ítem Koha | Libro |
| Estado perdido | Estado dañado | No para préstamo | Biblioteca permanente | Biblioteca actual | Signatura completa | Código de barras | En préstamo | Precio efectivo a partir del | Tipo de ítem |
|---|---|---|---|---|---|---|---|---|---|
| Departamento de Biblioteca y Documentación Alfonso Chase Brenes | Departamento de Biblioteca y Documentación Alfonso Chase Brenes | 658.8 K63e | 22093 | 30/04/2020 | 07/04/2017 | Libro |